• 首页
  • 本馆介绍
  • 公告通知
  • 最新文献
  • 馆藏检索
  • 电子资源
  • 读者导购
  • 参考咨询
  • 我的图书馆
  • 登录
  • 详细信息显示
  • 放入我的书架
  • 预约/预借图书
  • 作者相关作品
  • 分类相关作品
  • 丛书相关作品
  • 出版社相关作品

书目信息

  • 表格格式
  • 工作单格式
  • 卡片格式
题名:
中国自驾游
    
 
作者: ;中国自驾游地图板编写组 编著
分册:  
出版信息: 北京   中国旅游出版社  2015
页数: 1248页
开本: 21cm
丛书名:
单 册:
中图分类: K928.9 , F512.99-64
科图分类:
主题词: 旅游指南--中国 , 交通图--中国
电子资源:
ISBN: 978-7-5032-5314-0
000 00983nam0 2200277 450
001 012001005175
005 20181010093224.51
010    @a978-7-5032-5314-0@dCNY49.80
100    @a20150712d2015 em y0chiy50 ea
101 0  @achi
102    @aCN@b110000
105    @aab z 001yy
106    @ar
200 1  @a中国自驾游@9zhong guo zi jia you@e地图版@f《中国自驾游》(地图板)编写组编著
205    @a7版
210    @a北京@c中国旅游出版社@d2015
215    @a1248页@c照片,地图@d21cm
320    @a有索引
330    @a本书为读者设计的自驾车线路根据涉及区域的不同分为南北纵横篇、地区篇和都市周边篇。为了方便读者根据自己的时间来安排出游,又将线路具体分为长假线路、大黄金周线路、小黄金周线路和双休日线路四类。
606 0  @a旅游指南@y中国
606 0  @a交通图@y中国
690    @aK928.9@v5
690    @aF512.99-64@v5
711 02 @a中国自驾游地图板编写组@9zhong guo zi jia you di tu ban bian xie zu@4编著
801  0 @aCN@b上海新华@c20180901
905    @b1173003-7@dK928.9@e1137=7@f5
    
    中国自驾游:地图版/《中国自驾游》(地图板)编写组编著.-7版.-北京:中国旅游出版社,2015
    1248页:照片,地图;21cm
    
    
    ISBN 978-7-5032-5314-0:CNY49.80
    本书为读者设计的自驾车线路根据涉及区域的不同分为南北纵横篇、地区篇和都市周边篇。为了方便读者根据自己的时间来安排出游,又将线路具体分为长假线路、大黄金周线路、小黄金周线路和双休日线路四类。
●
相关链接 在E读中查询图书 在五车中查询图书 在当当中查询图书 在豆瓣中查询图书


正题名:中国自驾游     索取号:K928.9/1137=7         预约/预借

序号 登录号 条形码 馆藏地/架位号 状态 备注
1 1173003   211730037   第二样本阅览室/ [索取号:K928.9/1137=7] 在馆    
2 1173004   211730046   第二借阅区/ [索取号:K928.9/1137=7] 在馆    
3 1173005   211730055   第二借阅区/ [索取号:K928.9/1137=7] 在馆    
4 1173006   211730064   密集书库-史法系/ [索取号:K928.9/1137=7] 在馆    
5 1173007   211730073   第二借阅区/ [索取号:K928.9/1137=7] 在馆    
唐山师范学院图书馆 欢迎您!
大连网信软件有限公司© 版权所有